Words With a Double 'N' Quiz Stats

Quiz Updated Sep 26, 2015

Also try: Double C Words
Challenge
Share
Tweet
Embed
Score 0/26 Timer 06:00
0 Plays Today
Clue Answer % Correct
Beatle who wrote 'The Ballad of John and Yoko'Lennon
93.5%
The phrase 'Game, set and match' comes from this sportTennis
92.3%
Playboy Mansion resident or animal associated with EasterBunny
90.5%
Pirate ship's artilleryCannon
86.9%
A baseball game usually has 9 of these segmentsInnings
86.7%
Human form used to display clothingMannequin
86.4%
Cape Canaveral Space Center named for a presidentKennedy
85.7%
Irish brewery founded in 1759Guinness
84.4%
Olympic decathlon gold medalist BruceJenner
83.5%
An animal that eats its own speciesCannibal
75.6%
Thick condiment made from egg yolksMayonnaise
70.7%
Only 'NN' US state without a US Monopoly propertyMinnesota
66.6%
Carthaginian general who crossed the Alps with elephantsHannibal
60.5%
Clue Answer % Correct
Soft woven fabric often used for plaid shirtsFlannel
52.8%
Make a public statement or declarationAnnounce
48.8%
Grassy tropical or subtropical plainSavanna
46.7%
Something that links two things togetherConnection
43.9%
Destroy utterly, leaving no traceAnnihilate
43.6%
Artistic representation of Mary, mother of JesusMadonna
42.7%
Estonian capitalTallinn
42.3%
Hot red pepper named for the capital of French GuianaCayenne
33.5%
'Charge of the Light Brigade' Poet LaureateTennyson
32.6%
Largest German-speaking city outside of GermanyVienna
30.6%
Strait between two larger bodies of waterChannel
28.3%
Collectively, the people employed by an organizationPersonnel
25.3%
Deadly nightshadeBelladonna
17.1%

You're not logged in!

Compare scores with friends on all Sporcle quizzes.
Join for Free
OR
Log In

You Might Also Like...

Show Comments

Extras

Top Quizzes Today


Score Distribution

Your Account Isn't Verified!

In order to create a playlist on Sporcle, you need to verify the email address you used during registration. Go to your Sporcle Settings to finish the process.

Report this User

Report this user for behavior that violates our Community Guidelines.

Details: